[Event "Titled Tuesday intern op 1st Jan"]
[Site "Chess.com INT"]
[Date "2019.01.01"]
[Round "8"]
[White "Khodashenas, Mersad"]
[Black "Trent, Lawrence"]
[Result "1-0"]
[WhiteElo "2455"]
[BlackElo "2385"]
[PlyCount "63"]
[EventDate "2019.01.01"]
[EventType "swiss (blitz)"]
[EventRounds "10"]
[EventCountry "USA"]
[SourceTitle "EXT 2021"]
[Source "ChessBase"]
[SourceDate "2020.10.23"]
[SourceVersion "1"]
[SourceVersionDate "2020.10.23"]
[SourceQuality "1"]

1. e4 g6 2. d4 Bg7 3. Nc3 a6 4. Nf3 b5 5. a4 b4 6. Nd5 Bb7 7. Bd3 Nf6 8. Nxf6+ exf6 9. a5 0-0 10. Bd2 Re8 11. 0-0 Bxe4 12. Bxe4 Rxe4 13. Bxb4 f5 14. Bc3 d6 15. Qd3 Nd7 16. Rfe1 d5 17. Nd2 Re7 18. Bb4 Rxe1+ 19. Rxe1 Bf6 20. c3 Qb8 21. Qg3 Qb7 22. Nb3 Qc6 23. h3 Rb8 24. Qf4 Kg7 25. g3 h6 26. h4 h5 27. Kg2 Qa4 28. Qxc7 Qxb3 29. Qxd7 Qc4 30. Be7 Rxb2 31. Bxf6+ Kxf6 32. Re7 1-0

[Event "Titled Tuesday intern op 1st Jan"]
[Site "Chess.com INT"]
[Date "2019.01.01"]
[Round "5"]
[White "Taboas Rodriguez, Daniel"]
[Black "Khodashenas, Mersad"]
[Result "0-1"]
[WhiteElo "2357"]
[BlackElo "2455"]
[PlyCount "152"]
[EventDate "2019.01.01"]
[EventType "swiss (blitz)"]
[EventRounds "10"]
[EventCountry "USA"]
[SourceTitle "EXT 2021"]
[Source "ChessBase"]
[SourceDate "2020.10.23"]
[SourceVersion "1"]
[SourceVersionDate "2020.10.23"]
[SourceQuality "1"]

1. d4 Nf6 2. Nf3 e6 3. c4 b6 4. Nc3 Bb4 5. Qc2 Bb7 6. a3 Bxc3+ 7. Qxc3 0-0 8. g3 c5 9. dxc5 bxc5 10. Bg2 Ne4 11. Qc2 f5 12. 0-0 Nc6 13. Rd1 Qe7 14. b3 Rfd8 15. Bb2 a5 16. Ne5 Nxe5 17. Bxe5 d6 18. Bb2 a4 19. b4 d5 20. cxd5 Bxd5 21. Bxe4 Bxe4 22. Qxc5 Qxc5 23. bxc5 Rdc8 24. Rdc1 Rab8 25. Be5 Rb3 26. f3 Bd5 27. Kf2 g5 28. Bd6 g4 29. f4 Kf7 30. Rd1 h5 31. Rd4 Ra8 32. Rb4 Rxb4 33. axb4 Bc6 34. Ra3 Bb5 35. Ke3 h4 36. Kd2 hxg3 37. hxg3 Rh8 38. Rc3 Rh2 39. c6 Rxe2+ 40. Kd1 Re4 41. c7 Bd7 42. Kc1 Bc8 43. b5 Rd4 44. Bc5 Rd5 45. b6 Ke8 46. Kb2 Kd7 47. Ka3 Kc6 48. Be3+ Kb5 49. Bf2 e5 50. fxe5 Rxe5 51. Rd3 Kc6 52. Rd8 Kb7 53. Kxa4 Re2 54. Bd4 f4 55. gxf4 Re4 56. Kb5 Rxf4 57. Kc5 g3 58. Re8 g2 59. Re2 Rxd4 60. Rxg2 Rd1 61. Ra2 Rc1+ 62. Kb5 Rb1+ 63. Kc5 Rxb6 64. Ra5 Rc6+ 65. Kb4 Bd7 66. Rb5+ Kc8 67. Rc5 Rb6+ 68. Ka5 Rb1 69. Ka6 Ra1+ 70. Kb6 Rb1+ 71. Ka6 Bg4 72. Ka7 Be2 73. Rc2 Rb7+ 74. Ka8 Bf3 75. Rc6 Rb4 76. Ka7 Bxc6 0-1

[Event "IRI-ch sf"]
[Site "Hamedan"]
[Date "2018.11.15"]
[Round "9.1"]
[White "Khodashenas, Mersad"]
[Black "Mosadeghpour, Masoud"]
[Result "1/2-1/2"]
[WhiteElo "2454"]
[BlackElo "2511"]
[PlyCount "26"]
[EventDate "2018.11.09"]
[EventType "swiss"]
[EventRounds "9"]
[EventCountry "IRI"]
[SourceTitle "CBM 187 Extra"]
[Source "ChessBase"]
[SourceDate "2018.11.04"]
[SourceVersion "1"]
[SourceVersionDate "2018.11.04"]
[SourceQuality "1"]

1. d4 Nf6 2. c4 g6 3. Nc3 d5 4. cxd5 Nxd5 5. e4 Nxc3 6. bxc3 Bg7 7. Nf3 c5 8. Be2 0-0 9. Rb1 cxd4 10. cxd4 Qa5+ 11. Bd2 Qxa2 12. 0-0 b6 13. Bb5 Qe6 1/2-1/2

[Event "IRI-ch sf"]
[Site "Hamedan"]
[Date "2018.11.11"]
[Round "3.1"]
[White "Ghaem Maghami, Ehsan"]
[Black "Khodashenas, Mersad"]
[Result "1-0"]
[WhiteElo "2533"]
[BlackElo "2454"]
[PlyCount "149"]
[EventDate "2018.11.09"]
[EventType "swiss"]
[EventRounds "9"]
[EventCountry "IRI"]
[SourceTitle "CBM 187 Extra"]
[Source "ChessBase"]
[SourceDate "2018.11.04"]
[SourceVersion "1"]
[SourceVersionDate "2018.11.04"]
[SourceQuality "1"]

1. d4 Nf6 2. Nf3 e6 3. c4 b6 4. g3 Ba6 5. Qa4 Bb7 6. Bg2 c5 7. dxc5 Bxc5 8. 0-0 0-0 9. Nc3 Na6 10. Bf4 Be7 11. Rfd1 Nc5 12. Qc2 Qc8 13. Nb5 Be4 14. Qd2 Bc6 15. Nd6 Qa6 16. Qd4 Nb7 17. b3 Nxd6 18. Bxd6 Bxd6 19. Qxd6 Qb7 20. Bf1 Bxf3 21. exf3 Rac8 22. f4 Qc7 23. Qa3 Qc5 24. Qb2 Rfd8 25. Rac1 Kf8 26. Bg2 Rc7 27. Rd2 Qe7 28. Rcd1 Rc5 29. Qd4 Rc7 30. Bf3 Rc5 31. h3 h6 32. Qe3 Rcc8 33. g4 Rc5 34. Rd4 Ng8 35. Bg2 Rc7 36. Qg3 Rc5 37. h4 Ra5 38. R4d2 Rc5 39. Rd4 Ra5 40. a4 Rc5 41. g5 f6 42. b4 Rc7 43. b5 Rc5 44. Bc6 d6 45. Re1 hxg5 46. fxg5 e5 47. Bd5 exd4 48. Rxe7 Nxe7 49. gxf6 gxf6 50. Qf3 Nxd5 51. cxd5 Kg7 52. Qg4+ Kh8 53. Qxd4 Rf8 54. Kg2 Rc7 55. Qf4 Rd7 56. Kf3 f5 57. Qh6+ Kg8 58. Qe6+ Rff7 59. Kf4 Kg7 60. h5 Kh7 61. f3 Kh8 62. h6 Kh7 63. Kg5 f4 64. Qe4+ Kg8 65. Qe8+ Kh7 66. Qe6 Kg8 67. Kg6 Kf8 68. Qh3 Rc7 69. Qe6 Rcd7 70. Qe1 Rde7 71. Qc3 Rc7 72. Qh8+ Ke7 73. Qb8 Rd7 74. h7 Rf6+ 75. Kg5 1-0

[Event "IRI-ch sf"]
[Site "Hamedan"]
[Date "2018.11.10"]
[Round "2.4"]
[White "Khodashenas, Mersad"]
[Black "Sedaghati, Mehrdad"]
[Result "1-0"]
[WhiteElo "2454"]
[BlackElo "2224"]
[PlyCount "87"]
[EventDate "2018.11.09"]
[EventType "swiss"]
[EventRounds "9"]
[EventCountry "IRI"]
[SourceTitle "CBM 187 Extra"]
[Source "ChessBase"]
[SourceDate "2018.11.04"]
[SourceVersion "1"]
[SourceVersionDate "2018.11.04"]
[SourceQuality "1"]

1. e4 c5 2. Nf3 d6 3. d4 cxd4 4. Nxd4 Nf6 5. Nc3 a6 6. h3 e6 7. g4 b5 8. Bg2 Bb7 9. 0-0 b4 10. Nd5 exd5 11. exd5 Be7 12. g5 Nfd7 13. Nc6 Qc7 14. Nxe7 Kxe7 15. Re1+ Kd8 16. Qd4 Rg8 17. Qe4 Ne5 18. Qxh7 Re8 19. Bd2 Nbd7 20. Bxb4 Qb6 21. Bd2 Kc7 22. Qh4 Rac8 23. b3 Kb8 24. c4 Nd3 25. Be3 N7c5 26. Re2 Qa5 27. Qg3 Ne5 28. Rb1 Qc7 29. Bd4 f5 30. Rd1 Ncd7 31. f4 Ng6 32. Rde1 Rxe2 33. Rxe2 Nc5 34. h4 Rh8 35. h5 Rxh5 36. Re8+ Bc8 37. Rg8 Rh7 38. Qe3 Nh4 39. Bxc5 Nxg2 40. Ba7+ Kb7 41. Kxg2 g6 42. Qb6+ Qxb6 43. Bxb6 Re7 44. Bf2 1-0

[Event "Mersin op 3rd"]
[Site "Mersin"]
[Date "2018.09.13"]
[Round "7"]
[White "Khodashenas, Mersad"]
[Black "Shishkin, Vadim"]
[Result "1/2-1/2"]
[WhiteElo "2452"]
[BlackElo "2443"]
[PlyCount "122"]
[EventDate "2018.09.09"]
[EventType "swiss"]
[EventRounds "9"]
[EventCountry "TUR"]
[SourceTitle "CBM 186 Extra"]
[Source "ChessBase"]
[SourceDate "2018.08.24"]
[SourceVersion "1"]
[SourceVersionDate "2018.08.24"]
[SourceQuality "1"]

1. d4 Nf6 2. c4 g6 3. f3 d5 4. cxd5 Nxd5 5. e4 Nb6 6. Nc3 Bg7 7. Nb1 Bf8 8. Nc3 Bg7 9. Be3 0-0 10. Qd2 Nc6 11. 0-0-0 Qd6 12. Kb1 Rd8 13. Nb5 Qd7 14. d5 a6 15. Nc3 Qe8 16. Qc1 Na5 17. h4 e6 18. Bf4 Rd7 19. Bh6 Bxh6 20. Qxh6 exd5 21. h5 Qf8 22. Qxf8+ Kxf8 23. hxg6 hxg6 24. exd5 c6 25. d6 Nd5 26. Nxd5 cxd5 27. Rxd5 b5 28. Nh3 Nb7 29. Bd3 Rxd6 30. Nf4 Rxd5 31. Nxd5 Nc5 32. Bc2 Bb7 33. Nf4 Kg7 34. Rc1 Nd7 35. Re1 Kf8 36. Rd1 Nf6 37. a4 bxa4 38. Bxa4 Rc8 39. Rd6 Ke7 40. Rb6 Rc7 41. Bb3 Nd7 42. Rb4 Nf6 43. Rb6 Nd7 44. Rb4 Nf6 45. Ka2 g5 46. Nh3 g4 47. fxg4 Bxg2 48. Nf4 Bc6 49. Rc4 Kd6 50. Nd3 Bd7 51. Rd4+ Ke7 52. g5 Nh7 53. Nf4 Rc5 54. Nd5+ Ke8 55. Ka3 Bc6 56. Nc7+ Ke7 57. Kb4 Rxg5 58. Nxa6 Nf6 59. Bc4 Bd5 60. Nc5 Bxc4 61. Kxc4 Rg4 1/2-1/2

[Event "Mersin op 3rd"]
[Site "Mersin"]
[Date "2018.09.12"]
[Round "6"]
[White "Ersahin, Bulent"]
[Black "Khodashenas, Mersad"]
[Result "0-1"]
[WhiteElo "2191"]
[BlackElo "2452"]
[PlyCount "76"]
[EventDate "2018.09.09"]
[EventType "swiss"]
[EventRounds "9"]
[EventCountry "TUR"]
[SourceTitle "CBM 186 Extra"]
[Source "ChessBase"]
[SourceDate "2018.08.24"]
[SourceVersion "1"]
[SourceVersionDate "2018.08.24"]
[SourceQuality "1"]

1. Nf3 Nf6 2. c4 b6 3. g3 Bb7 4. Bg2 c5 5. 0-0 g6 6. b3 Bg7 7. Bb2 0-0 8. Nc3 d6 9. Re1 Nbd7 10. Qc2 a6 11. e4 Ne5 12. Rad1 Nfd7 13. Ne2 Nxf3+ 14. Bxf3 Bxb2 15. Qxb2 Ne5 16. Qc3 f5 17. Bg2 Bxe4 18. f3 Bb7 19. d4 cxd4 20. Nxd4 Qc8 21. f4 Bxg2 22. Kxg2 Qb7+ 23. Kg1 Ng4 24. Ne6 Rf7 25. Re2 h6 26. a4 Nf6 27. Qe1 Kh7 28. Rd3 Ne4 29. g4 Rf6 30. Nd4 e5 31. gxf5 gxf5 32. Nxf5 Nc5 33. Rxd6 Rg8+ 34. Ng3 Rxd6 35. Rxe5 Rg7 36. Qb1+ Nd3 37. Re3 Qd7 38. Kh1 Re7 0-1

[Event "Mersin op 3rd"]
[Site "Mersin"]
[Date "2018.09.11"]
[Round "4"]
[White "Khodashenas, Mersad"]
[Black "Bagaturov, Giorgi"]
[Result "0-1"]
[WhiteElo "2452"]
[BlackElo "2396"]
[PlyCount "96"]
[EventDate "2018.09.09"]
[EventType "swiss"]
[EventRounds "9"]
[EventCountry "TUR"]
[SourceTitle "CBM 186 Extra"]
[Source "ChessBase"]
[SourceDate "2018.08.24"]
[SourceVersion "1"]
[SourceVersionDate "2018.08.24"]
[SourceQuality "1"]

1. d4 Nf6 2. c4 g6 3. f3 c5 4. d5 Bg7 5. Nc3 0-0 6. e4 d6 7. Bg5 e6 8. Qd2 exd5 9. Nxd5 Be6 10. Ne2 Bxd5 11. cxd5 b5 12. h4 h5 13. Nf4 Qe8 14. a4 bxa4 15. Ne2 Nbd7 16. Nc3 Rb8 17. Rxa4 Rb7 18. Be2 Nh7 19. Bf4 Qe7 20. Ra6 Ne5 21. g3 f5 22. 0-0 fxe4 23. fxe4 Nf7 24. Bf3 Be5 25. Bg2 Bxf4 26. gxf4 Rfb8 27. e5 Rxb2 28. Qe1 R2b6 29. Rxb6 Rxb6 30. e6 Nh6 31. Ne4 Nf5 32. Bh3 Rb3 33. Bxf5 gxf5 34. Qd1 Rh3 35. Ng5 Rxh4 36. Nxh7 Kxh7 37. Rf2 Qg7+ 38. Rg2 Qc3 39. Qe2 Qc1+ 40. Kf2 Rxf4+ 41. Kg3 Rg4+ 42. Kh3 Qh1+ 43. Rh2 Qxd5 44. Rf2 Qh1+ 45. Rh2 Qe4 46. Rf2 Rh4+ 47. Kg3 Qg4+ 48. Qxg4 Rxg4+ 0-1

[Event "Mersin op 3rd"]
[Site "Mersin"]
[Date "2018.09.10"]
[Round "3"]
[White "Alaz, Ahmet Efekan"]
[Black "Khodashenas, Mersad"]
[Result "0-1"]
[WhiteElo "2127"]
[BlackElo "2452"]
[PlyCount "110"]
[EventDate "2018.09.09"]
[EventType "swiss"]
[EventRounds "9"]
[EventCountry "TUR"]
[SourceTitle "CBM 186 Extra"]
[Source "ChessBase"]
[SourceDate "2018.08.24"]
[SourceVersion "1"]
[SourceVersionDate "2018.08.24"]
[SourceQuality "1"]

1. d4 Nf6 2. Nf3 c5 3. e3 d5 4. Nbd2 Nc6 5. c3 Qc7 6. Be2 e5 7. Nxe5 Nxe5 8. dxe5 Qxe5 9. Qa4+ Bd7 10. Bb5 Bd6 11. Nf3 Qe4 12. Bxd7+ Nxd7 13. Qxe4+ dxe4 14. Nd2 f5 15. f4 exf3 16. gxf3 0-0-0 17. Nc4 Bc7 18. a4 Ne5 19. Nxe5 Bxe5 20. Bd2 Rd6 21. Ke2 Rhd8 22. Rad1 Ra6 23. Ra1 Rdd6 24. Be1 Rdb6 25. Ra2 Re6 26. Kf2 Rad6 27. Ra1 Bf6 28. Ke2 Bg5 29. Bf2 Bxe3 30. Bxe3 f4 31. Rad1 Rxe3+ 32. Kf2 Ree6 33. Rhg1 Rxd1 34. Rxd1 Rb6 35. Rd2 Kc7 36. Kg2 Ra6 37. Kh3 Rxa4 38. Kg4 a5 39. h4 Ra2 40. Kxf4 a4 41. Ke3 a3 42. bxa3 Rxa3 43. Kd3 b5 44. Rg2 b4 45. Rxg7+ Kc6 46. Rxh7 Rxc3+ 47. Ke4 b3 48. Rh6+ Kb5 49. Rh8 Rc1 50. h5 Kc4 51. f4 b2 52. Rb8 b1Q+ 53. Rxb1 Rxb1 54. Kf5 Kd5 55. h6 c4 0-1

[Event "Avicenna op 15th"]
[Site "Hamedan"]
[Date "2018.08.23"]
[Round "8"]
[White "Morchiashvili, Bachana"]
[Black "Khodashenas, Mersad"]
[Result "0-1"]
[WhiteElo "2382"]
[BlackElo "2440"]
[PlyCount "142"]
[EventDate "2018.08.17"]
[EventType "swiss"]
[EventRounds "9"]
[EventCountry "IRI"]
[SourceTitle "CBM 186 Extra"]
[Source "ChessBase"]
[SourceDate "2018.08.24"]
[SourceVersion "1"]
[SourceVersionDate "2018.08.24"]
[SourceQuality "1"]

1. d4 Nf6 2. Nf3 e6 3. c4 Bb4+ 4. Nbd2 d5 5. e3 0-0 6. Bd3 dxc4 7. Bxc4 a6 8. a3 Be7 9. Qe2 Nc6 10. b4 Bd6 11. Bb2 Qe8 12. Ne5 Nd7 13. f4 a5 14. b5 Ncxe5 15. fxe5 Be7 16. 0-0 Nb6 17. Bd3 Na4 18. Ne4 f5 19. exf6 gxf6 20. Rf3 Nxb2 21. Qxb2 Qd8 22. Qf2 f5 23. Qg3+ Kf7 24. Qh3 Kg7 25. Qg3+ Kf7 26. Rc1 Ke8 27. Nc5 Bd6 28. Qh3 Qe7 29. e4 b6 30. Na6 e5 31. dxe5 Qxe5 32. exf5 Kd8 33. Qh4+ Qf6 34. Qxf6+ Rxf6 35. Be4 c6 36. Rxc6 Bxa6 37. bxa6 Rxa6 38. g4 h6 39. Kg2 Be5 40. Rd3+ Ke7 41. Rd5 Rxc6 42. Rxe5+ Kf6 43. Re8 Rd6 44. Rf8+ Ke5 45. Kf3 b5 46. Rb8 Rdb6 47. Re8+ Kf6 48. h4 b4 49. axb4 a4 50. Bd3 Ra7 51. b5 a3 52. Re1 a2 53. Ra1 Ra3 54. Ke2 Ra4 55. Kd2 Rd6 56. Kc2 Rxg4 57. Bf1 Rf4 58. Kb3 Rf3+ 59. Kb4 Rd2 60. Bc4 Rb2+ 61. Ka5 Kxf5 62. Ka6 Ra3+ 63. Kb7 Rb4 64. Bxa2 Rxb5+ 65. Kc6 Rba5 66. Rf1+ Kg4 67. Bf7 Kxh4 68. Kd6 h5 69. Be6 Ra6+ 70. Ke5 Re3+ 71. Kf4 Raxe6 0-1